000 00464pab a2200169 454500
008 180718b2007 xxu||||| |||| 00| 0 eng d
100 _aThingnam, Anjulika
245 _aMedia under siege: media functioning in an armed conflict situation: a case study of Manipur
260 _c2007
300 _ap.382-96.
362 _aOct-Dec
650 _aMass media - India - Manipur
650 _aMass media
773 _aSocial Action
908 _aN
909 _a76257
999 _c76257
_d76257